Diplomatic Missions of the United Arab Emirates - Statistics

General Stats
  • This quiz has been taken 73 times
  • The average score is 139 of 220
Answer Stats
Mission Answer % Correct
Country India
97%
Country Qatar
97%
Country United States
97%
Country Australia
94%
Country Oman
94%
Country Saudi Arabia
94%
Country China
91%
Country United Kingdom
91%
Country Iran
88%
Consulate General Mumbai
88%
Embassy New Delhi
88%
Country Sweden
88%
Country Afghanistan
85%
Country Austria
85%
Country Azerbaijan
85%
Country Belgium
85%
Country Brazil
85%
Country Canada
85%
Country Egypt
85%
Country Germany
85%
Country Indonesia
85%
Country Iraq
85%
Country Israel
85%
Country Italy
85%
Country Japan
85%
Country Malaysia
85%
Country Pakistan
85%
Country Poland
85%
Embassy Rome
85%
Country Russia
85%
Country South Korea
85%
Country Algeria
82%
Country Argentina
82%
Country Bahrain
82%
Embassy Canberra
82%
Embassy Doha
82%
Country Ireland
82%
Consulate General Melbourne
82%
Country Mexico
82%
Embassy Mexico City
82%
Country Syria
82%
Embassy Baghdad
79%
Embassy Berlin
79%
Embassy | Permanent Mission Brussels
79%
Country France
79%
Country Greece
79%
Country Kuwait
79%
Embassy Kuwait City
79%
Country Lebanon
79%
Country | Embassy Singapore
79%
Country Spain
79%
Country Switzerland
79%
Embassy Tehran
79%
Country Turkey
79%
Country Armenia
76%
Embassy Baku
76%
Country Bangladesh
76%
Embassy Beijing
76%
Country Kazakhstan
76%
Country Norway
76%
Embassy Ottawa
76%
Country Portugal
76%
Embassy Riyadh
76%
Country Romania
76%
Country South Africa
76%
Embassy Tel Aviv
76%
Embassy Tunis
76%
Country Uzbekistan
76%
Embassy Vienna
76%
Embassy Algiers
73%
Country Bulgaria
73%
Embassy Cairo
73%
Country Chile
73%
Country Finland
73%
Country Hungary
73%
Consular Office Jakarta
73%
Embassy Kabul
73%
Country Morocco
73%
Consulate General Shanghai
73%
Embassy South Jakarta
73%
Country Thailand
73%
Embassy Tokyo
73%
Country Tunisia
73%
Country Vietnam
73%
Embassy Athens
70%
Embassy Brasilia
70%
Embassy Buenos Aires
70%
Country Colombia
70%
Embassy Islamabad
70%
Country Jordan
70%
Embassy Kuala Lumpur
70%
Country Nigeria
70%
Embassy Paris
70%
Country Serbia
70%
Country Sri Lanka
70%
Country Sudan
70%
Country Ukraine
70%
Embassy Warsaw
70%
Embassy Beirut
67%
Country Georgia
67%
Embassy Helsinki
67%
Consulate General Hong Kong
67%
Consulate General Jeddah
67%
Consulate General Karachi
67%
Country Latvia
67%
Country Libya
67%
Embassy Manama
67%
Embassy Moscow
67%
Country Nepal
67%
Consulate General | Permanent Mission New York City
67%
Country New Zealand
67%
Embassy Sofia
67%
Embassy Stockholm
67%
Country Turkmenistan
67%
Embassy Budapest
64%
Country Cuba
64%
Embassy Dhaka
64%
Embassy Dublin
64%
Embassy London
64%
Consulate General Munich
64%
Embassy Muscat
64%
Embassy Oslo
64%
Country Peru
64%
Embassy Santiago
64%
Embassy Seoul
64%
Embassy Washington D.C.
64%
Embassy Yerevan
64%
Embassy Amman
61%
Country Belarus
61%
Embassy Bern
61%
Embassy Bogotá
61%
Embassy Bucharest
61%
Embassy Damascus
61%
Country Estonia
61%
Country Ethiopia
61%
Consulate General Istanbul
61%
Country Netherlands
61%
Country Philippines
61%
Embassy Riga
61%
Consulate General São Paulo
61%
Embassy Tripoli
61%
Embassy Ankara
58%
Embassy Astana
58%
Embassy Belgrade
58%
Consulate General Guangzhou
58%
Embassy Havana
58%
Country Kenya
58%
Embassy Lisbon
58%
Embassy Minsk
58%
Embassy Rabat
58%
Embassy Tallinn
58%
Embassy Tbilisi
58%
Country Angola
55%
Country Chad
55%
Consulate General | Permanent Mission Geneva
55%
Embassy Kathmandu
55%
Embassy Lima
55%
Embassy Madrid
55%
Embassy Taguig
55%
Country Tanzania
55%
Embassy Addis Ababa
52%
Embassy Bangkok
52%
Country Cyprus
52%
Embassy Hanoi
52%
Embassy Khartoum
52%
Consulate General Lagos
52%
Consulate General Los Angeles
52%
Country Mozambique
52%
Country Somalia
52%
Embassy Wellington
52%
Country Zimbabwe
52%
Embassy Abuja
48%
Embassy | Visa Center Colombo
48%
Consulate General Hyderabad
48%
Country Mauritania
48%
Embassy Nairobi
48%
Country Senegal
48%
Embassy The Hague
48%
Country Ghana
45%
Embassy Kiev
45%
Embassy Pretoria
45%
Embassy Tashkent
45%
Country Uganda
45%
Embassy Luanda
42%
Embassy Maputo
42%
Embassy Accra
39%
Country Guinea
39%
Embassy Mogadishu
39%
Embassy N'Djamena
39%
Embassy Nicosia
39%
Embassy Ashgabat
36%
Country Costa Rica
36%
Embassy Dar es Salaam
36%
Country Rwanda
36%
Country Benin
33%
Embassy Conakry
33%
Embassy Dakar
33%
Consulate General Erbil
33%
Embassy Harare
33%
Embassy Nouakchott
33%
Embassy San José
30%
Country Seychelles
30%
Country Comoros
27%
Consulate General Houston
27%
Embassy Kampala
24%
Embassy Kigali
24%
Embassy Victoria
21%
Embassy Cotonou
18%
Embassy Moroni
15%
Consulate General Zanzibar
15%
Country Montenegro
9%
Embassy Podgorica
6%
Consulate General El Aioun
3%
Consulate General Kerala
0%
Visa Center Nyeri
0%
No matching quizzes found
Score Distribution
Percent of People with Each Score
Percentile by Number Answered
Your Score History
You have not taken this quiz